| 000 | 01179nam a22002057a 4500 | ||
|---|---|---|---|
| 001 | 8744 | ||
| 003 | FISKH | ||
| 005 | 20251016141907.0 | ||
| 008 | 251016b cb ||||| |||| 00| 0 eng d | ||
| 020 | _a9780230724778 | ||
| 040 |
_aFISKH _beng _cFISKH _dFISKH |
||
| 082 | _a 428.4 | ||
| 100 | _aMiles Craven | ||
| 245 |
_aReading keys : Skills and strategies for effective reading / _cMiles Craven |
||
| 260 |
_aNew York : _bMacmillan, _c2009. |
||
| 300 |
_a156 pages : _bcolor illustrations ; _c26 cm |
||
| 520 | _aReading Keys Level 1 Student Book (New Edition) by Miles Craven is a skills-based reading course designed for adult and young adult learners of English at beginner to pre-intermediate levels. The book features 16 topic-based units organized under engaging themes, offering authentic reading texts, vocabulary development, comprehension practice, and grammar support through its “Spotlight on Grammar” sections. It aims to help learners build confidence, expand vocabulary, and strengthen reading strategies such as skimming, scanning, and understanding main ideas—all within meaningful and motivating contexts. | ||
| 942 |
_2ddc _cBK _n0 |
||
| 999 |
_c8744 _d8744 |
||